Personálne plánovanie vo vybranom podniku bakalárska práca

Na minha lista:
Detalhes bibliográficos
Autor principal: Pavlisková, Katarína
Autor Corporativo: Podnikovohospodárska fakulta EU so sídlom v Košiciach. Katedra manažmentu
Outros Autores: Klepáková, Adela
Formato: Livro
Idioma:eslovaco
Publicado em: Košice 2012
Tags: Adicionar Tag
Sem tags, seja o primeiro a adicionar uma tag!

MARC

LEADER 00000nbm a2200000 4500
001 0155554
005 20161109111900.0
041 0 |a slo 
044 |a SK 
245 1 0 |a Personálne plánovanie vo vybranom podniku  |b bakalárska práca  |c Katarína Pavlisková ; školiteľ: Adela Klepáková 
264 1 |a Košice  |c 2012 
300 |a 54 s. 
100 1 |a Pavlisková, Katarína 
700 1 |a Klepáková, Adela 
710 2 |a Podnikovohospodárska fakulta EU so sídlom v Košiciach. Katedra manažmentu